[Event "NDVM 2019 U14w"]
[Site "?"]
[Date "2019.09.12"]
[Round "2.11"]
[White "Rosin, Ida"]
[Black "Thiele, Lea-Marie"]
[Result "0-1"]
[BlackElo "1066"]
[WhiteElo "1122"]
[LiveChessVersion "1.4.8"]

1. e4 {[%clk 1:30:57]} e6 {[%clk 1:30:51]} 2. d4 {[%clk 1:31:10]} d5
{[%clk 1:31:01]} 3. e5 {[%clk 1:29:27]} c5 {[%clk 1:30:40]} 4. c3
{[%clk 1:28:28]} Nc6 {[%clk 1:30:32]} 5. Bf4 {[%clk 1:26:24]} Qb6
{[%clk 1:30:47]} 6. Qc2 {[%clk 1:23:58]} cxd4 {[%clk 1:30:54]} 7. Nf3
{[%clk 1:21:18]} dxc3 {[%clk 1:30:24]} 8. bxc3 {[%clk 1:18:24]} Bc5
{[%clk 1:29:31]} 9. Bg3 {[%clk 1:16:52]} Nge7 {[%clk 1:28:48]} 10. Bd3
{[%clk 1:14:26]} Bd7 {[%clk 1:26:53]} 11. c4 {[%clk 1:10:27]} Nb4
{[%clk 1:25:32]} 12. Qe2 {[%clk 1:08:59]} Nxd3+ {[%clk 1:25:29]} 13. Qxd3
{[%clk 1:09:09]} Qb2 {[%clk 1:25:10]} 14. O-O {[%clk 1:07:30]} Qxa1
{[%clk 1:23:25]} 15. Qc2 {[%clk 1:05:55]} d4 {[%clk 1:21:46]} 16. Rd1
{[%clk 1:02:06]} Nc6 {[%clk 1:21:58]} 17. Qb3 {[%clk 1:00:23]} Nb4
{[%clk 1:20:33]} 18. Rd2 {[%clk 0:57:08]} O-O {[%clk 1:18:02]} 19. Nxd4
{[%clk 0:54:31]} Rfd8 {[%clk 1:17:07]} 20. Qd1 {[%clk 0:49:03]} Bxd4
{[%clk 1:15:52]} 21. Rxd4 {[%clk 0:48:13]} Qxa2 {[%clk 1:15:01]} 22. h3
{[%clk 0:47:44]} Qc2 {[%clk 1:14:20]} 23. Qe1 {[%clk 0:44:26]} Ba4
{[%clk 1:14:04]} 24. Rd6 {[%clk 0:43:45]} Rxd6 {[%clk 1:14:11]} 25. exd6
{[%clk 0:44:08]} Qd1 {[%clk 1:14:34]} 26. f3 {[%clk 0:43:48]} Qxe1+
{[%clk 1:14:31]} 27. Bxe1 {[%clk 0:44:08]} Nc2 {[%clk 1:14:54]} 28. Bf2
{[%clk 0:44:00]} Bd7 {[%clk 1:15:00]} 29. c5 {[%clk 0:44:02]} a5 {[%clk 1:15:23]}
30. Nc3 {[%clk 0:43:57]} a4 {[%clk 1:15:39]} 31. Na2 {[%clk 0:43:57]} a3
{[%clk 1:15:47]} 32. Kf1 {[%clk 0:43:56]} Nb4 {[%clk 1:16:13]} 33. Nxb4
{[%clk 0:44:01]} a2 {[%clk 1:16:34]} 34. Nxa2 {[%clk 0:44:16]} Rxa2
{[%clk 1:16:58]} 35. Ke1 {[%clk 0:44:33]} Kf8 {[%clk 1:17:21]} 36. Kd1
{[%clk 0:44:02]} Rxf2 {[%clk 1:17:42]} 37. Ke1 {[%clk 0:43:57]} Rc2
{[%clk 1:17:57]} 38. g4 {[%clk 0:44:05]} Rxc5 {[%clk 1:18:22]} 39. f4
{[%clk 0:44:17]} Rd5 {[%clk 1:18:43]} 40. f5 {[%clk 0:42:59]} exf5
{[%clk 1:19:03]} 41. gxf5 {[%clk 0:39:58]} Rxd6 {[%clk 1:19:26]} 42. Kf2
{[%clk 0:39:58]} Bxf5 {[%clk 1:19:12]} 43. Ke3 {[%clk 0:39:25]} b5
{[%clk 1:19:33]} 44. Kf4 {[%clk 0:39:15]} Bxh3 {[%clk 1:19:56]} 45. Ke5
{[%clk 0:37:33]} Rd8 {[%clk 1:19:57]} 46. Kf4 {[%clk 0:36:48]} b4
{[%clk 1:20:22]} 47. Kg3 {[%clk 0:37:05]} Rd6 {[%clk 1:20:45]} 48. Kxh3
{[%clk 0:37:13]} Rg6 {[%clk 1:21:11]} 49. Kh4 {[%clk 0:36:38]} b3
{[%clk 1:21:37]} 50. Kh3 {[%clk 0:30:21]} b2 {[%clk 1:21:32]} 51. Kh2
{[%clk 0:30:45]} b1=Q {[%clk 1:21:54]} 52. Kh3 {[%clk 0:30:56]} Qh1#
{[%clk 1:22:20]} 0-1

[Event "NDVM 2019 U14w"]
[Site "?"]
[Date "2019.09.12"]
[Round "2.12"]
[White "Stelter, Finja"]
[Black "Gossing, Marie-Sophie"]
[Result "0-1"]
[BlackElo "1120"]
[WhiteElo "929"]
[LiveChessVersion "1.4.8"]

1. e4 {[%clk 1:30:59]} e5 {[%clk 1:28:12]} 2. Nf3 {[%clk 1:30:57]} Nf6
{[%clk 1:25:49]} 3. Nxe5 {[%clk 1:30:48]} d6 {[%clk 1:25:06]} 4. Nf3
{[%clk 1:31:03]} Nxe4 {[%clk 1:21:34]} 5. Qe2 {[%clk 1:31:01]} Qe7
{[%clk 1:19:31]} 6. d3 {[%clk 1:31:05]} Nf6 {[%clk 1:16:23]} 7. Bg5
{[%clk 1:30:51]} Qxe2+ {[%clk 1:14:16]} 8. Bxe2 {[%clk 1:30:21]} Be7
{[%clk 1:12:24]} 9. Nc3 {[%clk 1:30:28]} Be6 {[%clk 1:10:42]} 10. Nb5
{[%clk 1:28:47]} Na6 {[%clk 1:07:54]} 11. Nfd4 {[%clk 1:25:41]} Bd7
{[%clk 1:04:55]} 12. O-O-O {[%clk 1:24:16]} c5 {[%clk 1:03:03]} 13. Bf3
{[%clk 1:21:04]} cxd4 {[%clk 1:02:22]} 14. Bxb7 {[%clk 1:20:19]} Rb8
{[%clk 1:02:35]} 15. Bxa6 {[%clk 1:19:40]} Bxb5 {[%clk 0:59:24]} 16. Bxb5+
{[%clk 1:19:33]} Rxb5 {[%clk 0:56:27]} 17. Bxf6 {[%clk 1:17:40]} Bxf6
{[%clk 0:56:19]} 18. Rhe1+ {[%clk 1:17:32]} Re5 {[%clk 0:53:12]} 19. Rxe5+
{[%clk 1:16:11]} dxe5 {[%clk 0:53:34]} 20. Re1 {[%clk 1:15:59]} O-O
{[%clk 0:49:48]} 21. g3 {[%clk 1:15:23]} g6 {[%clk 0:47:40]} 22. b4
{[%clk 1:13:17]} Bg5+ {[%clk 0:45:51]} 23. Kb2 {[%clk 1:12:38]} Bd2
{[%clk 0:44:10]} 24. Rxe5 {[%clk 1:11:58]} Bxb4 {[%clk 0:44:23]} 25. Kb3
{[%clk 1:07:11]} Rb8 {[%clk 0:39:53]} 26. Kc4 {[%clk 1:06:29]} Bc3
{[%clk 0:37:12]} 27. a4 {[%clk 1:03:33]} Rb4+ {[%clk 0:35:01]} 28. Kc5
{[%clk 1:02:21]} Rxa4 {[%clk 0:33:38]} 29. Kd6 {[%clk 1:00:43]} Ra6+
{[%clk 0:31:27]} 30. Ke7 {[%clk 0:59:58]} Re6+ {[%clk 0:29:56]} 31. Rxe6
{[%clk 1:00:12]} fxe6 {[%clk 0:29:55]} 32. Kxe6 {[%clk 1:00:27]} a5
{[%clk 0:30:01]} 33. Kd5 {[%clk 1:00:44]} Kf7 {[%clk 0:29:52]} 34. f4
{[%clk 1:00:45]} Kf6 {[%clk 0:29:42]} 35. g4 {[%clk 1:01:00]} h5 {[%clk 0:29:33]}
36. gxh5 {[%clk 1:00:58]} gxh5 {[%clk 0:29:50]} 37. Ke4 {[%clk 1:01:13]} a4
{[%clk 0:29:36]} 38. f5 {[%clk 1:01:32]} a3 {[%clk 0:29:58]} 39. Kf4
{[%clk 1:00:58]} a2 {[%clk 0:30:19]} 40. h4 {[%clk 1:00:57]} a1=Q
{[%clk 0:30:36]} 41. Ke4 {[%clk 1:01:02]} Qa5 {[%clk 0:30:52]} 42. Kf3
{[%clk 1:00:46]} Qxf5+ {[%clk 0:31:01]} 43. Ke2 {[%clk 1:00:35]} Bb4
{[%clk 0:30:27]} 44. Kd1 {[%clk 1:00:37]} Qf1# {[%clk 0:30:43]} 0-1

[Event "Schachpinguine Berlin-SV Ruedersdorf"]
[Site "Kiel"]
[Date "2019.09.12"]
[Round "2.1"]
[White "Heuberger, Sandra"]
[Black "Pikki, Daria"]
[Result "0-1"]
[WhiteElo "1142"]
[BlackElo "1210"]
[Annotator "Rnd./Pair./Board: 02.004.01"]
[PlyCount "50"]
[EventDate "2019.??.??"]
[WhiteTeam "SV Ruedersdorf"]
[BlackTeam "Schachpinguine Berlin"]

1. d4 Nf6 2. c4 d6 3. Nc3 g6 4. Nf3 Bg7 5. e3 O-O 6. Be2 Nbd7 7. O-O Re8 8. b3
e5 9. Bb2 c6 10. d5 cxd5 11. cxd5 Nb6 12. e4 a6 13. Re1 Nh5 14. Bf1 f5 15. Bd3
f4 16. h3 Nd7 17. Ne2 Nf8 18. Kh2 h6 19. g3 fxg3+ 20. fxg3 Qd7 21. Neg1 Nh7 22.
h4 Qg4 23. Be2 Qxg3+ 24. Kh1 Qf2 25. Rf1 Ng3# 0-1

[Event "Schachpinguine Berlin-SV Ruedersdorf"]
[Site "Kiel"]
[Date "2019.09.12"]
[Round "2.2"]
[White "Schmidt, Luise"]
[Black "Kostova, Viktoria"]
[Result "0-1"]
[WhiteElo "1219"]
[BlackElo "974"]
[Annotator "Rnd./Pair./Board: 02.004.02"]
[PlyCount "112"]
[EventDate "2019.??.??"]
[WhiteTeam "Schachpinguine Berlin"]
[BlackTeam "SV Ruedersdorf"]

1. e4 e5 2. Nf3 Nc6 3. Bc4 Bc5 4. d3 h6 5. O-O Nf6 6. Re1 O-O 7. Nbd2 d6 8. c3
Bg4 9. Nf1 Nh5 10. h3 Bd7 11. Nxe5 Nf6 12. Nf3 Nh5 13. Be3 Qf6 14. N3d2 Qg6 15.
Qf3 Ne5 16. Qe2 Bxh3 17. f3 Ng3 18. Nxg3 Bxe3+ 19. Kh2 Bf2 20. Qxf2 Bd7 21. Kg1
a6 22. Bb3 Nxd3 23. Nf5 Bxf5 24. exf5 Qxf5 25. Bc2 Qb5 26. Bxd3 Qxd3 27. Re3
Qc2 28. Rb1 d5 29. Qe1 Rfd8 30. Nb3 Qg6 31. Rd1 Rd6 32. Re7 Rf6 33. Qe2 Rf5 34.
Nd4 Rh5 35. Rxc7 Qg3 36. Rd2 Qxc7 37. Kf2 Qh2 38. Rd1 Rg5 39. Rg1 Rd8 40. Qe7
Qg3+ 41. Kf1 Rd6 42. Qe8+ Kh7 43. Qe2 Re5 44. Qd2 Rd7 45. Nc2 Rde7 46. Qd1 Rf5
47. Qd3 g6 48. Qd2 h5 49. Rh1 h4 50. Rh3 Qd6 51. Ne3 Rf4 52. Nxd5 Re8 53. Qxf4
Qxd5 54. Rxh4+ Kg8 55. Qh6 Qd1+ 56. Kf2 Qe1# 0-1

[Event "Schachpinguine Berlin-SV Ruedersdorf"]
[Site "Kiel"]
[Date "2019.09.12"]
[Round "2.3"]
[White "Wennin, Elisabeth"]
[Black "Bauer, Sophia"]
[Result "1-0"]
[WhiteElo "889"]
[BlackElo "980"]
[Annotator "Rnd./Pair./Board: 02.004.03"]
[PlyCount "89"]
[EventDate "2019.??.??"]
[WhiteTeam "SV Ruedersdorf"]
[BlackTeam "Schachpinguine Berlin"]

1. e4 e5 2. Nf3 Nc6 3. Bc4 Nf6 4. Nc3 Bc5 5. d3 h6 6. Be3 Bxe3 7. fxe3 O-O 8.
O-O d6 9. h3 a6 10. Qe2 b5 11. Bb3 b4 12. Nd5 Be6 13. Nxf6+ Qxf6 14. Bxe6 Qxe6
15. a3 Rab8 16. Rab1 bxa3 17. bxa3 Rb6 18. Nh4 Rfb8 19. Rbc1 Ne7 20. d4 exd4
21. exd4 Qa2 22. Qf2 Qe6 23. c3 Rf8 24. Qg3 Qxe4 25. Rce1 Qc2 26. Rxe7 Rb1 27.
Rfe1 Rxe1+ 28. Rxe1 c5 29. dxc5 d5 30. Rf1 Rc8 31. Nf5 Kf8 32. Qxg7+ Ke8 33.
Nd6+ Kd8 34. Nxc8 Kxc8 35. Rxf7 Qc1+ 36. Kh2 Qg5 37. Qf8+ Qd8 38. Qxd8+ Kxd8
39. Kg3 h5 40. Kf4 Ke8 41. Ra7 a5 42. Ke5 d4 43. cxd4 a4 44. Ke6 h4 45. Ra8#
1-0

[Event "Schachpinguine Berlin-SV Ruedersdorf"]
[Site "Kiel"]
[Date "2019.09.12"]
[Round "2.4"]
[White "Grigoryan, Nare"]
[Black "Pham, Minh Trang Nguyen"]
[Result "1-0"]
[WhiteElo "827"]
[BlackElo "920"]
[Annotator "Rnd./Pair./Board: 02.004.04"]
[PlyCount "23"]
[EventDate "2019.??.??"]
[WhiteTeam "Schachpinguine Berlin"]
[BlackTeam "SV Ruedersdorf"]

1. e4 e5 2. Nf3 Nc6 3. Nc3 Nf6 4. d4 exd4 5. Nxd4 Bc5 6. Nxc6 bxc6 7. e5 Ng8 8.
Bc4 d6 9. Qf3 d5 10. Nxd5 cxd5 11. Bxd5 Rb8 12. Qxf7# 1-0

[Event "TuS Makkabi Rostock-Elmshorner SC"]
[Site "Kiel"]
[Date "2019.09.12"]
[Round "2.1"]
[White "Braeutigam, Katerina"]
[Black "Koepnick, Amanda"]
[Result "1-0"]
[WhiteElo "1757"]
[BlackElo "1019"]
[Annotator "Rnd./Pair./Board: 02.005.01"]
[PlyCount "73"]
[EventDate "2019.??.??"]
[WhiteTeam "Elmshorner SC"]
[BlackTeam "TuS Makkabi Rostock"]

1. e4 e5 2. Nf3 Nc6 3. Bb5 Nf6 4. O-O Bd6 5. Re1 O-O 6. d4 Qe8 7. Nbd2 a6 8.
Bxc6 dxc6 9. Nc4 Bg4 10. dxe5 Bxf3 11. Qxf3 Bxe5 12. Nxe5 Qxe5 13. c3 Rae8 14.
Bf4 Qe6 15. Re2 Nxe4 16. Rae1 f5 17. Qd3 Rd8 18. Qb1 Rd7 19. f3 Qc4 20. fxe4
Qc5+ 21. Be3 Qe7 22. exf5 Qe5 23. Rf2 Rdf7 24. Bd2 Qd5 25. Ref1 Qc5 26. Kh1 g6
27. Bh6 Re8 28. h3 Re5 29. f6 Rh5 30. Bd2 Qe5 31. Qd3 Qe8 32. Re2 Re5 33. Rxe5
Qxe5 34. Qd8+ Rf8 35. f7+ Kg7 36. Bh6+ Kh8 37. Qxf8# 1-0

[Event "TuS Makkabi Rostock-Elmshorner SC"]
[Site "Kiel"]
[Date "2019.09.12"]
[Round "2.2"]
[White "Janssen, Julika"]
[Black "Margaryan, Susanna"]
[Result "0-1"]
[WhiteElo "794"]
[BlackElo "1231"]
[Annotator "Rnd./Pair./Board: 02.005.02"]
[PlyCount "102"]
[EventDate "2019.??.??"]
[WhiteTeam "TuS Makkabi Rostock"]
[BlackTeam "Elmshorner SC"]

1. e4 d5 2. exd5 Qxd5 3. Nc3 Qa5 4. Nf3 Bf5 5. Bc4 e6 6. d4 c6 7. Bf4 Nf6 8.
O-O Qd8 9. Re1 Bb4 10. Ne5 Nbd7 11. Nxd7 Qxd7 12. Be5 Qd8 13. Re3 Ng4 14. Rg3
Nxe5 15. dxe5 Qxd1+ 16. Rxd1 Bxc2 17. Rd4 Bg6 18. Bd3 Bxc3 19. bxc3 Bxd3 20.
Rdxd3 Rd8 21. Rxd8+ Kxd8 22. Rd3+ Ke7 23. h3 Rd8 24. Rg3 g6 25. h4 Rd1+ 26. Kh2
Rd2 27. f4 Rxa2 28. Rg5 Rc2 29. h5 Rxc3 30. h6 a5 31. f5 exf5 32. g4 a4 33.
gxf5 Rc4 34. Kg3 Rc1 35. Kf4 Rf1+ 36. Ke4 Rxf5 37. Rg2 Ke6 38. Rb2 Rxe5+ 39.
Kd4 b5 40. Rc2 c5+ 41. Rxc5 Rxc5 42. Kxc5 a3 43. Kxb5 a2 44. Kc6 a1=Q 45. Kc7
Qd4 46. Kc6 Qd5+ 47. Kc7 Qd6+ 48. Kc8 Qd7+ 49. Kb8 Kd6 50. Ka8 Kc6 51. Kb8 Qb7#
0-1

[Event "TuS Makkabi Rostock-Elmshorner SC"]
[Site "Kiel"]
[Date "2019.09.12"]
[Round "2.3"]
[White "Neitzel, Emma"]
[Black "Pommerehnke, Marla"]
[Result "1-0"]
[WhiteElo "803"]
[BlackElo "906"]
[Annotator "Rnd./Pair./Board: 02.005.03"]
[PlyCount "67"]
[EventDate "2019.??.??"]
[WhiteTeam "Elmshorner SC"]
[BlackTeam "TuS Makkabi Rostock"]

1. d4 d5 2. c4 Nf6 3. Nc3 c6 4. cxd5 cxd5 5. Bf4 Nc6 6. e3 a6 7. Bd3 Bg4 8. Be2
Bxe2 9. Ngxe2 e6 10. O-O Bb4 11. a3 Ba5 12. b4 Bc7 13. Bxc7 Qxc7 14. Rc1 O-O
15. Ng3 a5 16. b5 Ne7 17. Nce4 dxe4 18. Rxc7 Ned5 19. Rxb7 Nc3 20. Qc2 Rfc8 21.
h3 Nxb5 22. Qb3 Nd6 23. Rb6 Nde8 24. Rb1 Nd7 25. Rb7 a4 26. Qb4 Ne5 27. dxe5 g6
28. Ne2 Nc7 29. Rc1 Nd5 30. Rxc8+ Rxc8 31. Qd6 Nc3 32. Nxc3 Rxc3 33. Rb8+ Kg7
34. Qf8# 1-0

[Event "TuS Makkabi Rostock-Elmshorner SC"]
[Site "Kiel"]
[Date "2019.09.12"]
[Round "2.4"]
[White "Urban, Mila"]
[Black "Margaryan, Sofia"]
[Result "1-0"]
[WhiteElo "787"]
[BlackElo "800"]
[Annotator "Rnd./Pair./Board: 02.005.04"]
[PlyCount "111"]
[EventDate "2019.??.??"]
[WhiteTeam "TuS Makkabi Rostock"]
[BlackTeam "Elmshorner SC"]

1. e4 e5 2. Nf3 Nc6 3. Bc4 Nf6 4. Nc3 Bc5 5. d3 h6 6. O-O O-O 7. h3 d6 8. Nd5
Be6 9. b3 Nxd5 10. exd5 Nd4 11. dxe6 Nxf3+ 12. Qxf3 fxe6 13. Qg3 d5 14. Bxh6
Rf7 15. Bb5 c6 16. Bg5 Rf6 17. Rfe1 Bxf2+ 18. Qxf2 Rxf2 19. Bxd8 Rxc2 20. Bh4
cxb5 21. Rxe5 Rac8 22. Rae1 Rf8 23. Be7 Rff2 24. g4 Rg2+ 25. Kh1 Rc3 26. Kxg2
Rc2+ 27. Kg1 Kf7 28. Bd6 d4 29. Rf1+ Ke8 30. Ree1 Kd7 31. Bg3 Rc3 32. Rf7+ Kc6
33. Rxe6+ Kd5 34. Re5+ Kd6 35. Rg5+ Ke6 36. Rfxg7 Rxd3 37. Rh7 Rxg3+ 38. Kh2
Rxb3 39. Rh6+ Kf7 40. axb3 d3 41. Rd5 Kg7 42. g5 d2 43. Rxd2 a5 44. Rd7+ Kg8
45. Rb6 Kf8 46. Rbxb7 Ke8 47. g6 Kf8 48. g7+ Kg8 49. Rxb5 a4 50. Rh5 axb3 51.
Rb7 b2 52. Rxb2 Kxg7 53. Rb6 Kf7 54. Rh7+ Kg8 55. Ra7 Kf8 56. Rb8# 1-0